000 00603nam a2200193 a 4500
001 5044
003 CO-ViMGA
008 141112s2004 ck r 000 u spa d
040 _aCO-ViMGA
_bspa
_cCO-ViMGA
082 0 4 _a304.2 g924
100 1 _aGydinas, Eduardo
_93273
245 1 0 _aEcología social manual de metodología para educadores populares /
_cGydinas Eduardo , Evia Graciela
260 _aSantafé de Bogotá :
_bMagisterio,
_c1995
300 _a237 p
490 _aBiblioteca de educación de adultos
650 1 4 _aECOLOGIA HUMANA
_97427
650 1 4 _aEvia, Graciela
_93274
942 _2ddc
_cBK
999 _c17045
_d17045